| 000 | 00748nam a22001337a 4500 | ||
|---|---|---|---|
| 040 | _cRUA | ||
| 082 | _aAGR HEA 2012 B053 Or.1 | ||
| 100 | _aHEA, VUTHY. | ||
| 245 | _aeffects of herbiside on ir 66 rice variety in dry season at the royal university of agriculture ( ឥទ្ធិពថ្នាំសម្លាប់ស្មៅចង្រៃលើពូជស្រូវអ៊ីអ៊ែរ ៦៦ ក្នុងលក្ខខណ្ឌរដូវប្រាំង នៅសាកលវិទ្យាល័យភូមិន្ទកសិកម្ម) | ||
| 260 |
_aPhnom Penh _bRUA _c2012 |
||
| 300 |
_axi, 58p. _bill. _c29cm. |
||
| 856 | _uhttps://drive.google.com/file/d/17Csf03ua7vYaLMQFX5HujGrxdj_I_iA4/view?usp=sharing | ||
| 942 | _cAGR | ||
| 999 |
_c1230 _d1230 |
||